| 000 | 00455nam a2200169Ia 4500 | ||
|---|---|---|---|
| 020 | _a063201332X | ||
| 040 | _cEUN | ||
| 082 | _a578 BLA 1985 A032 Or. | ||
| 100 | 1 | _aCox, C. Barry | |
| 245 | 1 | 0 |
_aBiogeography : _ban ecological and evolutionary approach / |
| 250 | _a4th ed | ||
| 260 |
_aOxford ; _aLondon : _bBlackwell Scientific, _c1985 |
||
| 300 |
_avii, 244 p. : _bill. ; _c24 cm |
||
| 650 | 0 | _aBiogeography | |
| 700 | 1 | 0 | _aMoore, Peter D |
| 942 | _cEK | ||
| 999 |
_c12122 _d12122 |
||